| 000 | 00424nam a22001695a 4500 | ||
|---|---|---|---|
| 020 | _a008026350X : | ||
| 020 | _a0080263518 | ||
| 040 | _cDLC | ||
| 082 | _a581 PER 1981 A062 Or. | ||
| 100 | 1 | _aWareing, P. F. | |
| 245 | 1 | 0 | _aGrowth and differentiation in plants / |
| 250 | _a3rd ed. | ||
| 260 |
_aOxford ; _aNew York : _bPergamon Press, _c1981. |
||
| 300 | _axi, 343 p. : ill. ; 25 cm. | ||
| 500 | _aGB*** | ||
| 942 | _cEK | ||
| 999 |
_c14944 _d14944 |
||